Management and cost accounting

Salvato in:
Dettagli Bibliografici
Autore principale: Drury, Colin
Altri autori: Drury Colin
Natura: Libro
Pubblicazione: Australia : Cengage Learning c2012.
Edizione:8th ed.
Soggetti:
Tags: Aggiungi Tag
Nessun Tag, puoi essere il primo ad aggiungerne!!

MARC

LEADER 00000nam a2200000 4500
005 20251002142352.0
020 |a 9781408041802  |c TZS 31,122/= 
040 |a MCCL  |b eng.  |e AACR 2nd rev. ed. 
082 |a 658.1511 DRU 
100 |a Drury, Colin 
245 |a Management and cost accounting  |c / Colin Drury 
250 |a 8th ed. 
260 |a Australia :  |b Cengage Learning  |c c2012. 
300 |a  xxii, 783 p. :  |b ill.;  |c 26 cm 
504 |a Include index 
546 |a eng. 
650 |a Cost accounting 
650 |a Management Accounting 
700 |a Drury Colin 
942 |c BK 
999 |c 11633  |d 11633